Normal view
MARC view
- الادعية والاوراد
Entry Topical Term
001 - CONTROL NUMBER
- control field: 15397
003 - CONTROL NUMBER IDENTIFIER
- control field: JO-AjAnu
005 - DATE AND TIME OF LATEST TRANSACTION
- control field: 20230606072745.0
008 - FIXED-LENGTH DATA ELEMENTS
- fixed length control field: 230606|| aca||aabn | a|a d
040 ## - CATALOGING SOURCE
- Original cataloging agency: JO-AjAnu
- Transcribing agency: JO-AjAnu
150 ## - HEADING--TOPICAL TERM
- Topical term or geographic name entry element: الادعية والاوراد
670 ## - SOURCE DATA FOUND
- Source citation: Work cat.: (JO-AjAnu)7906: سالم، عبد المقصود محمد , author 15396, أنوار الحق في الصلاة على سيد الخلق سيدنا ومولانا محمد صلى الله عليه وسلم